Iskola és Szülői Ház. - 2.évf. (1891) 6.sz.

Elmentve itt :
Bibliográfiai részletek
Dokumentumtípus: Folyóirat
Megjelent: 1891
Sorozat:Iskola és Szülői Ház 2 No. 6
Online Access:http://misc.bibl.u-szeged.hu/48962
LEADER 00469nas a2200133 i 4500
001 misc48962
005 20200414124917.0
008 200414s1891 hu o 0|| zxx d
040 |a SZTE Miscellanea Repozitórium  |b hun 
041 |a zxx 
245 0 0 |a Iskola és Szülői Ház. - 2.évf. (1891) 6.sz.  |h [elektronikus dokumentum] 
260 |c 1891 
490 0 |a Iskola és Szülői Ház  |v 2 No. 6 
856 4 0 |u http://misc.bibl.u-szeged.hu/48962/1/iskola_szulohaz_1891_006.pdf  |z Dokumentum-elérés